00749nam a22002297a 45000050016000000100015000160200025000310350013000560370013000690820011000821000022000932450034001152600039001492700038001883000022002266500039002486500030002876500026003179420025003439990017003689520134003852010081301011.0 aENG-100055 a9788190860109c90.00 aEN-83587 bDBAD/PUB a517.52 aGeetha, S.912811 aReal Analysis /cby S. Geetha aMaduraibRadhai Publicationsc2008 a6, Shanthi NagarbMaduraie625018 a132p.c20cm (pbk) aFunctions of real variables912812 aFuntional analysis912813 aMeasure theory912814 2ddccENh517.52mGEE c41686d41686 001040718NFICaDBADbDBADd2010-08-13eDBAD/PUBg90.00l0o517.52 GEEpEN-83587r2010-08-13 00:00:00t1v90.00w2010-08-13yEN